Rǧimen de Contratacin̤ Estatal

Detalles Bibliográficos
Autor principal: Roa Rojas, Hernǹ
Otros Autores: Roa Da̕z, Cornelio
Formato: eBook
Lenguaje:español
Publicado: Bogot ̀: ECOE, 2008
Materias:
Acceso en línea:http://www.vlex.com/source/6852

MARC

LEADER 00000nam a22000007a 4500
005 20130125110149.0
007 cr|||| ||||
008 130125e2008 ck |||||s|||| 00||0 spa d
020 |a 9586485463 
035 |a 6852 
040 |a vLex 
090 |c 3600  |d 3600 
100 1 0 |a Roa Rojas, Hernǹ 
245 1 0 |a Rǧimen de Contratacin̤ Estatal  |h [Recurso electrn̤ico] 
256 |a Servicio en ln̕ea 
260 |a Bogot ̀:  |b ECOE,   |c 2008  
300 |a 1 Recurso electrn̤ico 
650 0 4 |a Contratos administrativos  |z Colombia 
650 0 4 |a Administracin̤ pb︢lica  |z Colombia 
700 1 0 |a Roa Da̕z, Cornelio 
740 |a vLex Libros (Servicio en ln̕ea) 
856 |a Acceso restringido  |u http://www.vlex.com/source/6852 
942 |c BOOK 
999 0 |a Public contracts